| 000 | 00535nam a22001937a 4500 | ||
|---|---|---|---|
| 003 | OSt | ||
| 005 | 20180327174809.0 | ||
| 008 | 180327b xxu||||| |||| 00| 0 eng d | ||
| 020 | _a9781905367238 | ||
| 040 | _cDNLM | ||
| 082 | _aWB460 G353m 2013 | ||
| 100 |
_aGibbons, John _912586 |
||
| 245 | _aMuscle Energy Techniques: a practical guide for physical therapists | ||
| 260 | _aChichester; Lotus, 2013 | ||
| 300 | _a191p; col.ill: 28cm | ||
| 504 | _aReferences, & index included | ||
| 650 |
_aMuscles _910904 |
||
| 942 |
_2z _cO_SHELF |
||
| 999 |
_c6081 _d6081 |
||